| 000 | 00794nam a2200181 a 4500 | ||
|---|---|---|---|
| 001 | 000045027 | ||
| 005 | 20201002045821.0 | ||
| 008 | 150129s1994 dr 000 0 spa d | ||
| 020 | _a8831162098 | ||
| 040 |
_aDO-SdBNP _bspa _cBNPHU |
||
| 082 |
_axxxx _bxxxx |
||
| 100 | 1 |
_aSilvan, Matteo _973031 |
|
| 245 | 1 | 0 |
_aAquella violencia de Dios : _bhistoria de mi vida / _cMatteo Silvan ; edición Enrique Eusebio ; colaboradores Marcos Mejía Pieter y Carlos Martínez. |
| 260 |
_aSanto Domingo : _bCiudad Nueva, _c1994. |
||
| 300 |
_a315 p. ; _c22 cm. |
||
| 505 | 0 |
_aOscuro sentimiento de culpa -- _tLa mariapolis -- _tLa otra dimensión -- _tLa economía de las bienaventuranzas -- _tVida en familia -- _tVocaciones -- _tEl publicano -- _tLa prueba -- _tEl túnel. |
|
| 700 | 1 |
_aEusebio, Enrique, _eed. _927213 |
|
| 999 |
_c44516 _d44516 |
||